| 000 | 00864nam a2200205Ia 4500 | ||
|---|---|---|---|
| 008 | 0000001982 sp ad 0000000000spa00 | ||
| 090 | _aPSP00 C15r | ||
| 100 | 1 |
_aCanogar, Rafael _d1935 |
|
| 245 | 1 | 0 |
_aRafael Canogar _b: 25 años de pintura _c/ coordinación Paloma Alarcó Canosa |
| 300 |
_a178 p. _c/ 31 cm. |
||
| 500 | _aExposición realizada en la Sala de la Biblioteca Nacional, Madrid, Septiembre Octubre, 1982 \ Con el patronazgo de la empresa colombiana PLARESA | ||
| 600 | 0 | 0 |
_aCANOGAR, RAFAEL, 1935/ _xTRABAJOS PICTORICOS |
| 650 | 1 | 4 | _aARTE CONTEMPORANEO ESPAÑOL |
| 650 | 1 | 4 | _xCATALOGOS |
| 650 | 1 | 4 | _xEXPOSICIONES |
| 650 | 1 | 4 | _aPINTORES ESPAÑOLES |
| 650 | 1 | 4 | _aPINTURA ESPAÑOLA |
| 700 | 1 | _aAlarcó Canosa, Paloma | |
| 999 |
_c7549 _d7549 |
||
| 260 |
_aMadrid : Ministerio de Cultura, Dirección General de Bellas Artes, Archivos y Bibliotecas _c1982 |
||